Fußball - Alle deutschen Torschützen bei WM und EM seit 1990 - Statistiken

Allgemein
  • Dieses Quiz wurde 273 mal gespielt
  • Das Durchschnittsergebnis liegt bei 64 aus 90
Antwortstatistiken
Turnier Tore Spieler % Korrekt
WM 2010 5 Thomas Müller
98%
WM 2014 5 Thomas Müller
98%
WM 2002 5 Miroslav Klose
97%
WM 2006 5 Miroslav Klose
97%
2 Miroslav Klose
97%
4 Miroslav Klose
97%
1 Miroslav Klose
97%
2 Miroslav Klose
97%
2 Toni Kroos
94%
WM 2018 1 Toni Kroos
94%
EM 2024 3 Jamal Musiala
93%
2 Mario Götze
92%
2 Bastian Schweinsteiger
91%
2 Bastian Schweinsteiger
91%
1 Bastian Schweinsteiger
91%
2 Florian Wirtz
90%
1 Philipp Lahm
90%
1 Philipp Lahm
90%
1 Philipp Lahm
90%
3 Andre Schürrle
89%
1 Mesut Özil
89%
1 Mesut Özil
89%
1 Mesut Özil
89%
1 Mesut Özil
89%
2 Niclas Füllkrug
89%
2 Niclas Füllkrug
89%
3 Lukas Podolski
88%
EM 2008 3 Lukas Podolski
88%
2 Lukas Podolski
88%
1 Lukas Podolski
88%
WM 1990 4 Lothar Matthäus
87%
1 Lothar Matthäus
87%
EM 2012 3 Mario Gomez
87%
EM 2016 2 Mario Gomez
87%
2 Mats Hummels
87%
1 Sami Khedira
86%
1 Sami Khedira
86%
1 Sami Khedira
86%
EM 2021 2 Kai Havertz
81%
WM 2022 2 Kai Havertz
81%
2 Kai Havertz
81%
3 Michael Ballack
80%
EM 2004 1 Michael Ballack
80%
2 Michael Ballack
80%
1 Jerome Boateng
77%
1 Marco Reus
74%
1 Marco Reus
74%
3 Rudi Völler
73%
2 Rudi Völler
73%
1 Ilkay Gündogan
72%
1 Ilkay Gündogan
72%
3 Jürgen Klinsmann
72%
1 Jürgen Klinsmann
72%
WM 1994 5 Jürgen Klinsmann
72%
EM 1996 3 Jürgen Klinsmann
72%
3 Jürgen Klinsmann
72%
2 Oliver Bierhoff
72%
WM 1998 3 Oliver Bierhoff
72%
1 Oliver Bierhoff
72%
3 Andreas Brehme
69%
1 Serge Gnabry
68%
1 Oliver Neuville
66%
1 Oliver Neuville
66%
1 Emre Can
65%
1 Leon Goretzka
58%
1 Torsten Frings
57%
1 Torsten Frings
57%
1 Arne Friedrich
55%
1 Bernd Schneider
53%
2 Matthias Sammer
52%
1 Cacau
50%
EM 2000 1 Mehmet Scholl
49%
1 Julian Draxler
47%
1 Robin Gosens
45%
1 Carsten Jancker
44%
1 Stefan Effenberg
41%
1 Andreas Möller
40%
1 Andreas Möller
40%
2 Thomas Häßler
39%
EM 1992 3 Karl-Heinz Riedle
38%
1 Karl-Heinz Riedle
38%
1 Shkodran Mustafi
37%
1 Lars Bender
35%
1 Pierre Littbarski
34%
1 Christian Ziege
32%
1 Marcell Jansen
32%
1 Marco Bode
30%
1 Stefan Kuntz
30%
1 Thomas Linke
24%
1 Uwe Bein
22%
Keine übereinstimmenden Quizze gefunden
Verteilung der Resultate
Anzahl Personen mit jedem Resultat
Perzentil nach korrekt beantworteten Fragen
Ihre Resultats-Entwicklung
Sie haben dieses Quiz noch nicht gespielt